| 000 | 00888nam a2200265 i 4500 | ||
|---|---|---|---|
| 001 | 88364 | ||
| 003 | ES-MaACL | ||
| 005 | 20230906175840.0 | ||
| 007 | t| | ||
| 008 | 050104s1981 sp ||||1| spa d | ||
| 020 | _a84-7223-528-9 | ||
| 100 | 1 |
_aLaing, Ronald David. _969695 |
|
| 245 | 1 | 0 |
_aEsquizofrenia y presión social / _cRonald D. Laing, Morton Schatzman ; [edición y traducción de Isabel Vericat]. |
| 250 | _a4ª ed. | ||
| 260 |
_aBarcelona : _bTusquets, _c1981. |
||
| 300 |
_a80 p. ; _c18 cm. |
||
| 490 | 1 |
_aCuadernos ínfimos ; _v28. Los heterodoxos ; _v9 |
|
| 650 | 0 | 0 |
_aEsquizofrenia. _912510 |
| 650 |
_aEnfermedades mentales- _xAspectos sociales. _912264 |
||
| 700 | 1 |
_aSchatzman, Morton. _9104248 |
|
| 700 | 1 |
_aVericat, Isabel. _9114131 |
|
| 830 | 1 |
_aCuadernos ínfimos ; _v28. Los heterodoxos ; _v9 _9180855 |
|
| 852 |
_aES-MaACL _jL-10913 |
||
| 999 |
_c88364 _d88364 |
||